Nguyên HôÌ€ng vêÌ€ taÌc gia vaÌ€ taÌc phẩm
ToÌm tăÌt tiểu sử vaÌ€ sưÌ£ nghiêÌ£p saÌng taÌc văn hoÌ£c của nhaÌ€ văn Nguyên HôÌ€ng. Phân tiÌch môÌ£t sôÌ taÌc phẩm tiêu biểu như SoÌng gâÌ€m, Cửa biển...HôÌ€i ưÌc vaÌ€ kỉ niêÌ£m vêÌ€ nhaÌ€ văn Nguyên HôÌ€ng; NV Văn...
Kaydedildi:
| Yazar: | |
|---|---|
| Materyal Türü: | Kitap |
| Dil: | Undetermined |
| Baskı/Yayın Bilgisi: |
H.
GiaÌo duÌ£c
2001
|
| Konular: | |
| Online Erişim: | http://lrc.tdmu.edu.vn/opac/search/detail.asp?aID=2&ID=6879 |
| Etiketler: |
Etiketle
Etiket eklenmemiş, İlk siz ekleyin!
|
| Thư viện lưu trữ: | Trung tâm Học liệu Trường Đại học Thủ Dầu Một |
|---|
| LEADER | 01251nam a2200205Ia 4500 | ||
|---|---|---|---|
| 001 | TDMU_6879 | ||
| 008 | 210410s9999 xx 000 0 und d | ||
| 082 | |a 895.922 | ||
| 090 | |b H112 | ||
| 100 | |a HaÌ€, Minh ĐưÌc | ||
| 245 | 0 | |a Nguyên HôÌ€ng vêÌ€ taÌc gia vaÌ€ taÌc phẩm | |
| 245 | 0 | |c HaÌ€ Minh ĐưÌc(giơÌi thiêÌ£u);Hữu NhuâÌ£n (tuyển choÌ£n) | |
| 260 | |a H. | ||
| 260 | |b GiaÌo duÌ£c | ||
| 260 | |c 2001 | ||
| 300 | |a 391tr | ||
| 520 | |a ToÌm tăÌt tiểu sử vaÌ€ sưÌ£ nghiêÌ£p saÌng taÌc văn hoÌ£c của nhaÌ€ văn Nguyên HôÌ€ng. Phân tiÌch môÌ£t sôÌ taÌc phẩm tiêu biểu như SoÌng gâÌ€m, Cửa biển...HôÌ€i ưÌc vaÌ€ kỉ niêÌ£m vêÌ€ nhaÌ€ văn Nguyên HôÌ€ng; NV Văn học Việt Nam hiện đại 1 (1900 - 1945) | ||
| 650 | |a Nguyên HôÌ€ng; SaÌng taÌc văn hoÌ£c; Văn hoÌ£c hiêÌ£n thưÌ£c | ||
| 856 | |u http://lrc.tdmu.edu.vn/opac/search/detail.asp?aID=2&ID=6879 | ||
| 980 | |a Trung tâm Học liệu Trường Đại học Thủ Dầu Một | ||